[Event "Blitz 2018"]
[Site "Saint-Petersburg"]
[Date "2018.12.29"]
[Round "9"]
[Board "2"]
[White "Aronian Levon (ARM)"]
[Black "Le Quang Liem (VIE)"]
[Result "1-0"]
[BlackElo "2749"]
[WhiteElo "2858"]
[LiveChessVersion "1.4.8"]

1. e4 {[%clk 0:03:02]} c5 {[%clk 0:03:03]} 2. Nf3 {[%clk 0:03:03]} Nc6
{[%clk 0:03:04]} 3. Nc3 {[%clk 0:03:04]} d6 {[%clk 0:03:04]} 4. d4
{[%clk 0:03:05]} cxd4 {[%clk 0:03:05]} 5. Nxd4 {[%clk 0:03:07]} Nf6
{[%clk 0:03:06]} 6. Bg5 {[%clk 0:03:07]} e6 {[%clk 0:03:07]} 7. Qd2
{[%clk 0:03:09]} a6 {[%clk 0:03:08]} 8. O-O-O {[%clk 0:03:08]} Bd7
{[%clk 0:03:09]} 9. f4 {[%clk 0:03:09]} Be7 {[%clk 0:03:09]} 10. Nf3
{[%clk 0:03:10]} b5 {[%clk 0:03:10]} 11. Kb1 {[%clk 0:03:11]} b4 {[%clk 0:02:56]}
12. Bxf6 {[%clk 0:03:12]} Bxf6 {[%clk 0:02:48]} 13. Ne2 {[%clk 0:03:13]} Be7
{[%clk 0:02:44]} 14. f5 {[%clk 0:03:14]} e5 {[%clk 0:02:21]} 15. Ng3
{[%clk 0:03:01]} Qa5 {[%clk 0:01:57]} 16. Bc4 {[%clk 0:02:56]} Qc5
{[%clk 0:01:55]} 17. Bd5 {[%clk 0:02:51]} Rc8 {[%clk 0:01:44]} 18. Nh5
{[%clk 0:02:33]} g6 {[%clk 0:01:38]} 19. Ng7+ {[%clk 0:02:20]} Kf8
{[%clk 0:01:19]} 20. Qh6 {[%clk 0:02:16]} Kg8 {[%clk 0:01:20]} 21. Nh5
{[%clk 0:02:17]} gxh5 {[%clk 0:01:08]} 22. f6 {[%clk 0:02:18]} Bxf6
{[%clk 0:01:02]} 23. Qxf6 {[%clk 0:02:19]} Nd8 {[%clk 0:00:54]} 24. Rd2
{[%clk 0:02:14]} h6 {[%clk 0:00:51]} 25. Nh4 {[%clk 0:01:39]} Rh7
{[%clk 0:00:42]} 26. Rf1 {[%clk 0:01:36]} Be6 {[%clk 0:00:38]} 27. Ng6
{[%clk 0:01:28]} Bxd5 {[%clk 0:00:31]} 28. Ne7+ Kf8 29. Nxc8 {[%clk 0:01:25]} Nb7
{[%clk 0:00:10]} 30. Nxd6 {[%clk 0:00:45]} Qxd6 {[%clk 0:00:04]} 31. Rxd5
{[%clk 0:00:45]} Qxf6 {[%clk 0:00:04]} 32. Rxf6 {[%clk 0:00:46]} 1-0

[Event "Blitz 2018"]
[Site "Saint-Petersburg"]
[Date "2018.12.29"]
[Round "9"]
[Board "4"]
[White "Kovalenko Igor (LAT)"]
[Black "Artemiev Vladislav (RUS)"]
[Result "0-1"]
[BlackElo "2825"]
[WhiteElo "2693"]
[LiveChessVersion "1.4.8"]

1. e4 {[%clk 0:03:03]} c5 {[%clk 0:03:02]} 2. Nf3 {[%clk 0:03:04]} d6
{[%clk 0:03:04]} 3. Bb5+ {[%clk 0:03:04]} Nd7 {[%clk 0:03:04]} 4. Ba4
{[%clk 0:03:05]} Ngf6 {[%clk 0:02:59]} 5. O-O {[%clk 0:03:05]} a6
{[%clk 0:02:59]} 6. c4 {[%clk 0:03:06]} e6 {[%clk 0:02:58]} 7. Nc3
{[%clk 0:03:06]} Be7 {[%clk 0:02:54]} 8. a3 {[%clk 0:03:07]} O-O {[%clk 0:02:51]}
9. Rb1 {[%clk 0:03:08]} Qc7 {[%clk 0:02:51]} 10. d3 {[%clk 0:03:09]} Rd8
{[%clk 0:02:32]} 11. h3 {[%clk 0:03:00]} b6 {[%clk 0:02:17]} 12. Bf4
{[%clk 0:03:00]} Bb7 {[%clk 0:02:13]} 13. Re1 {[%clk 0:02:54]} Ne5
{[%clk 0:02:06]} 14. Re3 {[%clk 0:02:33]} Nfd7 {[%clk 0:01:51]} 15. Bxd7
{[%clk 0:02:33]} Rxd7 {[%clk 0:01:48]} 16. Qd2 {[%clk 0:01:56]} Bf6
{[%clk 0:01:39]} 17. Ne2 {[%clk 0:01:34]} b5 {[%clk 0:01:37]} 18. b3
{[%clk 0:01:35]} Rb8 {[%clk 0:01:35]} 19. Ng3 {[%clk 0:01:35]} g6
{[%clk 0:01:35]} 20. Qc2 {[%clk 0:01:17]} Ba8 {[%clk 0:01:33]} 21. Rc1
{[%clk 0:00:49]} Qa5 {[%clk 0:01:30]} 22. Bxe5 {[%clk 0:00:44]} dxe5
{[%clk 0:01:30]} 23. cxb5 {[%clk 0:00:34]} Qxb5 {[%clk 0:01:16]} 24. Rb1
{[%clk 0:00:29]} Rbd8 {[%clk 0:01:07]} 25. Rd1 {[%clk 0:00:26]} Bg7
{[%clk 0:01:04]} 26. Ne1 {[%clk 0:00:22]} f5 {[%clk 0:01:01]} 27. Re2
{[%clk 0:00:18]} h5 {[%clk 0:01:01]} 28. a4 {[%clk 0:00:19]} Qb4 {[%clk 0:01:03]}
29. h4 {[%clk 0:00:16]} Bf6 {[%clk 0:00:51]} 30. Nf3 {[%clk 0:00:17]} Kg7
{[%clk 0:00:41]} 31. Ree1 {[%clk 0:00:15]} Qb6 {[%clk 0:00:31]} 32. Re2
{[%clk 0:00:15]} Rb8 {[%clk 0:00:27]} 33. Rb1 {[%clk 0:00:16]} Qd6
{[%clk 0:00:28]} 34. Rd2 {[%clk 0:00:15]} Qe7 {[%clk 0:00:19]} 35. Rdd1
{[%clk 0:00:15]} Rc7 {[%clk 0:00:13]} 36. Qc4 {[%clk 0:00:14]} Rb6
{[%clk 0:00:11]} 37. Qc2 {[%clk 0:00:12]} Rb4 {[%clk 0:00:07]} 38. Rbc1
{[%clk 0:00:11]} a5 {[%clk 0:00:08]} 39. Re1 {[%clk 0:00:11]} Qd6
{[%clk 0:00:08]} 40. Qc3 {[%clk 0:00:11]} Bb7 {[%clk 0:00:06]} 41. Rcd1
{[%clk 0:00:11]} Ba6 {[%clk 0:00:06]} 42. Nf1 {[%clk 0:00:09]} Rd7
{[%clk 0:00:06]} 43. Ne3 {[%clk 0:00:08]} Qb8 {[%clk 0:00:05]} 44. Nc4
{[%clk 0:00:08]} Bxc4 {[%clk 0:00:05]} 45. dxc4 {[%clk 0:00:07]} Rxd1
{[%clk 0:00:05]} 46. Rxd1 {[%clk 0:00:09]} Qb7 {[%clk 0:00:04]} 47. Nd2
{[%clk 0:00:07]} Qd7 {[%clk 0:00:04]} 48. g3 {[%clk 0:00:06]} Rb6
{[%clk 0:00:05]} 49. Re1 {[%clk 0:00:07]} Rd6 {[%clk 0:00:06]} 50. Nf1
{[%clk 0:00:08]} Rd3 {[%clk 0:00:04]} 51. Qxa5 {[%clk 0:00:09]} Qd4
{[%clk 0:00:04]} 52. Qc7+ {[%clk 0:00:09]} Kf8 {[%clk 0:00:04]} 53. Qc6
{[%clk 0:00:10]} Kf7 {[%clk 0:00:04]} 54. Qb7+ {[%clk 0:00:10]} Be7
{[%clk 0:00:05]} 55. exf5 {[%clk 0:00:10]} gxf5 {[%clk 0:00:06]} 56. a5
{[%clk 0:00:10]} f4 {[%clk 0:00:07]} 57. Qg2 {[%clk 0:00:07]} Rxb3
{[%clk 0:00:07]} 58. a6 {[%clk 0:00:08]} f3 {[%clk 0:00:08]} 59. Qh2
{[%clk 0:00:09]} Ra3 {[%clk 0:00:09]} 60. Ne3 {[%clk 0:00:06]} Rxa6
{[%clk 0:00:10]} 61. g4 {[%clk 0:00:06]} hxg4 {[%clk 0:00:09]} 62. Qg3
{[%clk 0:00:07]} Qf4 {[%clk 0:00:06]} 63. Qxg4 {[%clk 0:00:06]} Qxg4+ 64. Nxg4
{[%clk 0:00:07]} Ra4 {[%clk 0:00:03]} 65. Nxe5+ Kf6 66. Kh2 {[%clk 0:00:03]} Bd6
{[%clk 0:00:06]} 67. Kh3 {[%clk 0:00:03]} Bxe5 68. Re3 Rxc4 {[%clk 0:00:07]} 0-1

[Event "Blitz 2018"]
[Site "Saint-Petersburg"]
[Date "2018.12.29"]
[Round "9"]
[Board "5"]
[White "Svidler Peter (RUS)"]
[Black "Zhigalko Sergei (BLR)"]
[Result "1-0"]
[LiveChessVersion "1.4.8"]
[BlackElo "2693"]
[WhiteElo "2770"]

1. e4 {[%clk 0:03:03]} c5 {[%clk 0:03:03]} 2. Nf3 {[%clk 0:03:04]} Nc6
{[%clk 0:03:05]} 3. Bb5 {[%clk 0:03:04]} Nf6 {[%clk 0:03:05]} 4. Nc3
{[%clk 0:03:04]} Qc7 {[%clk 0:03:07]} 5. O-O {[%clk 0:03:02]} Nd4
{[%clk 0:03:07]} 6. Be2 {[%clk 0:02:56]} a6 {[%clk 0:02:46]} 7. Nxd4
{[%clk 0:02:38]} cxd4 {[%clk 0:02:46]} 8. Nd5 {[%clk 0:02:39]} Nxd5
{[%clk 0:02:47]} 9. exd5 {[%clk 0:02:40]} e6 {[%clk 0:02:29]} 10. Bf3
{[%clk 0:02:33]} Bd6 {[%clk 0:02:29]} 11. g3 {[%clk 0:02:34]} O-O
{[%clk 0:02:28]} 12. c3 {[%clk 0:02:31]} Rb8 {[%clk 0:02:13]} 13. cxd4
{[%clk 0:02:17]} b5 {[%clk 0:02:14]} 14. d3 {[%clk 0:02:13]} Bb7 {[%clk 0:02:09]}
15. Be3 {[%clk 0:02:10]} Bxd5 {[%clk 0:02:01]} 16. Bxd5 {[%clk 0:02:11]} exd5
{[%clk 0:02:02]} 17. Qf3 {[%clk 0:02:12]} Qb7 {[%clk 0:01:59]} 18. Rac1
{[%clk 0:02:07]} Rbc8 {[%clk 0:01:55]} 19. Bf4 {[%clk 0:02:08]} Bxf4
{[%clk 0:01:31]} 20. Qxf4 {[%clk 0:02:09]} Rfe8 {[%clk 0:01:30]} 21. Rxc8
{[%clk 0:02:06]} Rxc8 {[%clk 0:01:06]} 22. Re1 {[%clk 0:02:08]} Qc6
{[%clk 0:00:52]} 23. Re7 {[%clk 0:02:04]} Rf8 {[%clk 0:00:54]} 24. b4
{[%clk 0:01:42]} Qc3 {[%clk 0:00:45]} 25. Rxd7 {[%clk 0:01:34]} Qxb4
{[%clk 0:00:44]} 26. Kg2 {[%clk 0:01:29]} Qb1 {[%clk 0:00:43]} 27. Qd6
{[%clk 0:01:26]} Qxd3 {[%clk 0:00:16]} 28. Qxd5 {[%clk 0:01:27]} h6
{[%clk 0:00:10]} 29. h4 {[%clk 0:01:27]} Qc2 {[%clk 0:00:05]} 30. Ra7
{[%clk 0:01:24]} Qa4 {[%clk 0:00:04]} 31. h5 {[%clk 0:01:23]} b4 {[%clk 0:00:04]}
32. Qc4 {[%clk 0:01:16]} a5 {[%clk 0:00:05]} 33. Qd5 {[%clk 0:01:17]} Qc2
{[%clk 0:00:03]} 34. Rxa5 {[%clk 0:01:17]} Qc7 {[%clk 0:00:03]} 35. Rc5
{[%clk 0:01:16]} Qa7 {[%clk 0:00:04]} 36. Rb5 {[%clk 0:01:15]} Rb8
{[%clk 0:00:03]} 37. Rxb8+ {[%clk 0:00:56]} Qxb8 {[%clk 0:00:04]} 38. Qc6
{[%clk 0:00:57]} Qa7 {[%clk 0:00:03]} 39. Qc8+ {[%clk 0:00:55]} Kh7
{[%clk 0:00:03]} 40. Qc2+ {[%clk 0:00:56]} Kg8 {[%clk 0:00:05]} 41. d5
{[%clk 0:00:58]} Qd4 {[%clk 0:00:05]} 42. Qf5 {[%clk 0:00:55]} Qd2
{[%clk 0:00:05]} 43. Qc8+ {[%clk 0:00:53]} Kh7 {[%clk 0:00:06]} 44. Qc4
{[%clk 0:00:54]} Kg8 {[%clk 0:00:04]} 45. Qc6 {[%clk 0:00:51]} Qxa2
{[%clk 0:00:03]} 46. Qe8+ {[%clk 0:00:48]} Kh7 {[%clk 0:00:04]} 47. Qe4+
{[%clk 0:00:48]} Kg8 {[%clk 0:00:05]} 48. d6 {[%clk 0:00:49]} Qd2
{[%clk 0:00:04]} 49. Qe8+ {[%clk 0:00:45]} Kh7 {[%clk 0:00:05]} 50. d7
{[%clk 0:00:37]} Qd5+ {[%clk 0:00:06]} 51. f3 {[%clk 0:00:39]} Qd2+
{[%clk 0:00:03]} 52. Kh3 {[%clk 0:00:40]} Qd1 {[%clk 0:00:03]} 53. d8=Q
{[%clk 0:00:36]} Qh1+ {[%clk 0:00:03]} 54. Kg4 {[%clk 0:00:37]} 1-0

[Event "Blitz 2018"]
[Site "Saint-Petersburg"]
[Date "2018.12.29"]
[Round "9"]
[Board "6"]
[White "Adly Ahmed (EGY)"]
[Black "Karjakin Sergey (RUS)"]
[Result "1-0"]
[LiveChessVersion "1.4.8"]
[BlackElo "2759"]
[WhiteElo "2675"]

1. Nf3 {[%clk 0:03:03]} d5 {[%clk 0:03:03]} 2. g3 {[%clk 0:03:04]} c6
{[%clk 0:03:02]} 3. Bg2 {[%clk 0:03:05]} Bg4 {[%clk 0:03:02]} 4. O-O
{[%clk 0:03:05]} Nd7 {[%clk 0:03:03]} 5. d3 {[%clk 0:03:05]} e6 {[%clk 0:02:58]}
6. e4 {[%clk 0:02:55]} Bd6 {[%clk 0:02:54]} 7. h3 {[%clk 0:02:43]} Bh5
{[%clk 0:02:55]} 8. exd5 {[%clk 0:02:44]} cxd5 {[%clk 0:02:54]} 9. c4
{[%clk 0:02:45]} Ne7 {[%clk 0:02:47]} 10. Nc3 {[%clk 0:02:43]} O-O
{[%clk 0:02:40]} 11. g4 {[%clk 0:02:34]} Bg6 {[%clk 0:02:41]} 12. Nh4
{[%clk 0:02:33]} Nb6 {[%clk 0:01:45]} 13. a4 {[%clk 0:02:05]} dxc4
{[%clk 0:01:32]} 14. Nxg6 {[%clk 0:02:02]} hxg6 {[%clk 0:01:32]} 15. a5
{[%clk 0:01:53]} Nbd5 {[%clk 0:01:33]} 16. Nxd5 {[%clk 0:01:51]} exd5
{[%clk 0:01:22]} 17. dxc4 {[%clk 0:01:51]} dxc4 {[%clk 0:00:59]} 18. a6
{[%clk 0:01:53]} Qc7 {[%clk 0:00:51]} 19. axb7 {[%clk 0:01:49]} Rab8
{[%clk 0:00:46]} 20. Rxa7 {[%clk 0:01:44]} Bc5 {[%clk 0:00:39]} 21. Ra4
{[%clk 0:01:35]} Rxb7 {[%clk 0:00:31]} 22. Bxb7 {[%clk 0:01:27]} Qxb7
{[%clk 0:00:32]} 23. Rxc4 {[%clk 0:01:27]} Ba7 {[%clk 0:00:27]} 24. Rc3
{[%clk 0:01:22]} Bb8 {[%clk 0:00:17]} 25. Qf3 {[%clk 0:01:20]} Qb4
{[%clk 0:00:17]} 26. Rd1 {[%clk 0:01:18]} Be5 {[%clk 0:00:11]} 27. Re3
{[%clk 0:01:12]} f6 {[%clk 0:00:10]} 28. Ra3 {[%clk 0:01:06]} g5 {[%clk 0:00:09]}
29. Qb3+ {[%clk 0:01:07]} Qxb3 {[%clk 0:00:09]} 30. Rxb3 {[%clk 0:01:08]} Rc8
{[%clk 0:00:10]} 31. Be3 {[%clk 0:01:08]} Ng6 {[%clk 0:00:10]} 32. Rb7
{[%clk 0:01:08]} Nh4 {[%clk 0:00:08]} 33. Rdd7 {[%clk 0:01:04]} f5
{[%clk 0:00:07]} 34. gxf5 {[%clk 0:01:02]} Rc2 {[%clk 0:00:05]} 35. Kf1
{[%clk 0:00:54]} Nxf5 {[%clk 0:00:05]} 36. Bxg5 {[%clk 0:00:53]} Bd4
{[%clk 0:00:05]} 37. Bh4 {[%clk 0:00:35]} Bxb2 {[%clk 0:00:03]} 38. Bg3
{[%clk 0:00:33]} Bd4 {[%clk 0:00:03]} 39. Rb3 {[%clk 0:00:33]} Bf6
{[%clk 0:00:03]} 40. Rf3 {[%clk 0:00:33]} Nh6 {[%clk 0:00:04]} 41. Bf4
{[%clk 0:00:33]} Nf7 {[%clk 0:00:05]} 42. Rb3 {[%clk 0:00:33]} Rc4
{[%clk 0:00:05]} 43. Rb8+ {[%clk 0:00:33]} Kh7 {[%clk 0:00:06]} 44. Bg3
{[%clk 0:00:32]} Kg6 {[%clk 0:00:08]} 45. Rc7 {[%clk 0:00:29]} Ra4
{[%clk 0:00:08]} 46. Rb5 {[%clk 0:00:29]} Ng5 {[%clk 0:00:07]} 47. Kg2
{[%clk 0:00:27]} Ne6 {[%clk 0:00:07]} 48. Rd7 {[%clk 0:00:27]} Nd4
{[%clk 0:00:08]} 49. Rb6 {[%clk 0:00:28]} Nf5 {[%clk 0:00:09]} 50. Rc6
{[%clk 0:00:24]} Ra5 {[%clk 0:00:09]} 51. Rc4 {[%clk 0:00:23]} Ra3
{[%clk 0:00:09]} 52. Rg4+ {[%clk 0:00:23]} Kh7 {[%clk 0:00:09]} 53. Rf4
{[%clk 0:00:23]} Kg6 {[%clk 0:00:10]} 54. Rd5 {[%clk 0:00:20]} Rxg3+
{[%clk 0:00:10]} 55. fxg3 {[%clk 0:00:19]} Ne3+ {[%clk 0:00:12]} 56. Kf3
{[%clk 0:00:19]} Nxd5 {[%clk 0:00:13]} 57. Ra4 {[%clk 0:00:21]} Ne7
{[%clk 0:00:13]} 58. h4 {[%clk 0:00:20]} Nf5 {[%clk 0:00:14]} 59. Ra5
{[%clk 0:00:21]} Nd4+ {[%clk 0:00:14]} 60. Kg2 {[%clk 0:00:21]} Nc6
{[%clk 0:00:15]} 61. Rc5 {[%clk 0:00:21]} Ne5 {[%clk 0:00:15]} 62. Ra5
{[%clk 0:00:19]} Nc4 {[%clk 0:00:16]} 63. Rb5 {[%clk 0:00:20]} Nd6
{[%clk 0:00:17]} 64. Rd5 {[%clk 0:00:20]} Nc4 {[%clk 0:00:17]} 65. Rc5
{[%clk 0:00:20]} Ne5 {[%clk 0:00:17]} 66. Ra5 {[%clk 0:00:20]} Nf7
{[%clk 0:00:16]} 67. Kh3 {[%clk 0:00:20]} Kh7 {[%clk 0:00:14]} 68. g4
{[%clk 0:00:19]} Kg6 {[%clk 0:00:13]} 69. Rb5 {[%clk 0:00:16]} Be7
{[%clk 0:00:13]} 70. Rb7 {[%clk 0:00:14]} Bf6 {[%clk 0:00:13]} 71. h5+
{[%clk 0:00:15]} 1-0

[Event "Blitz 2018"]
[Site "Saint-Petersburg"]
[Date "2018.12.29"]
[Round "9"]
[Board "8"]
[White "Vitiugov Nikita (RUS)"]
[Black "Cheparinov Ivan (GEO)"]
[Result "1/2-1/2"]
[LiveChessVersion "1.4.8"]
[BlackElo "2618"]
[WhiteElo "2696"]

1. d4 {[%clk 0:03:03]} Nf6 {[%clk 0:03:03]} 2. Bg5 {[%clk 0:03:03]} c5
{[%clk 0:03:03]} 3. Bxf6 {[%clk 0:03:03]} exf6 {[%clk 0:03:04]} 4. dxc5
{[%clk 0:02:33]} Bxc5 {[%clk 0:03:04]} 5. e3 {[%clk 0:02:34]} d5 {[%clk 0:02:48]}
6. Nc3 {[%clk 0:02:30]} Be6 {[%clk 0:02:41]} 7. Bd3 {[%clk 0:02:26]} Nc6
{[%clk 0:02:37]} 8. Nge2 {[%clk 0:02:26]} O-O {[%clk 0:02:33]} 9. O-O
{[%clk 0:02:26]} Qd7 {[%clk 0:02:28]} 10. Nd4 {[%clk 0:02:16]} Nxd4
{[%clk 0:02:21]} 11. exd4 {[%clk 0:02:16]} Bd6 {[%clk 0:02:22]} 12. Qd2
{[%clk 0:01:55]} Rac8 {[%clk 0:02:16]} 13. Ne2 {[%clk 0:01:49]} Rfe8
{[%clk 0:02:11]} 14. Rfe1 {[%clk 0:01:45]} g6 {[%clk 0:02:08]} 15. Nf4
{[%clk 0:01:30]} Kg7 {[%clk 0:02:03]} 16. c3 {[%clk 0:01:23]} Re7
{[%clk 0:02:02]} 17. Re2 {[%clk 0:01:21]} Rce8 {[%clk 0:01:59]} 18. Rae1
{[%clk 0:01:19]} Qc7 {[%clk 0:01:48]} 19. Nxe6+ {[%clk 0:01:15]} Rxe6
{[%clk 0:01:49]} 20. g3 {[%clk 0:01:12]} a6 {[%clk 0:01:41]} 21. Qd1
{[%clk 0:01:04]} Qb6 {[%clk 0:01:33]} 22. Qb3 {[%clk 0:01:01]} Qxb3
{[%clk 0:01:31]} 23. axb3 {[%clk 0:01:02]} f5 {[%clk 0:01:28]} 24. f4
{[%clk 0:00:46]} Kf6 {[%clk 0:01:26]} 25. b4 {[%clk 0:00:45]} Rxe2
{[%clk 0:01:23]} 26. Rxe2 {[%clk 0:00:46]} Rxe2 {[%clk 0:01:24]} 27. Bxe2
{[%clk 0:00:47]} h5 {[%clk 0:01:07]} 28. Kg2 {[%clk 0:00:44]} h4 {[%clk 0:01:03]}
29. b5 {[%clk 0:00:43]} axb5 {[%clk 0:01:03]} 30. Bxb5 {[%clk 0:00:44]} hxg3
{[%clk 0:01:04]} 31. hxg3 {[%clk 0:00:44]} Ke6 {[%clk 0:01:03]} 32. Kf3
{[%clk 0:00:40]} Be7 {[%clk 0:01:00]} 33. Ba4 {[%clk 0:00:40]} g5
{[%clk 0:00:54]} 34. Bb5 {[%clk 0:00:37]} gxf4 {[%clk 0:00:51]} 35. gxf4
{[%clk 0:00:37]} Bd6 {[%clk 0:00:52]} 36. Ba4 {[%clk 0:00:35]} 1/2-1/2

[Event "Blitz 2018"]
[Site "Saint-Petersburg"]
[Date "2018.12.29"]
[Round "9"]
[Board "9"]
[White "Indjic Aleksandar (SRB)"]
[Black "Nepomniachtchi Ian (RUS)"]
[Result "0-1"]
[LiveChessVersion "1.4.8"]
[BlackElo "2846"]
[WhiteElo "2643"]

1. d4 {[%clk 0:03:01]} Nf6 {[%clk 0:03:03]} 2. Nf3 {[%clk 0:03:01]} g6
{[%clk 0:03:04]} 3. Bg5 Bg7 4. Nbd2 {[%clk 0:03:02]} O-O {[%clk 0:03:06]} 5. c3
{[%clk 0:03:02]} d6 {[%clk 0:03:01]} 6. e3 {[%clk 0:02:59]} c5 {[%clk 0:03:01]}
7. Bd3 {[%clk 0:02:57]} Nc6 {[%clk 0:02:58]} 8. dxc5 {[%clk 0:02:55]} dxc5
{[%clk 0:02:58]} 9. Qc2 {[%clk 0:02:56]} Qc7 {[%clk 0:02:51]} 10. h3
{[%clk 0:02:50]} Nd5 {[%clk 0:02:43]} 11. a3 {[%clk 0:02:15]} Be6
{[%clk 0:02:39]} 12. O-O {[%clk 0:02:08]} Rad8 {[%clk 0:02:41]} 13. Bh4
{[%clk 0:02:09]} h6 {[%clk 0:02:19]} 14. Rad1 {[%clk 0:02:08]} b6
{[%clk 0:02:15]} 15. Rfe1 {[%clk 0:02:08]} Qc8 {[%clk 0:02:15]} 16. Bg3
{[%clk 0:02:07]} Nf6 {[%clk 0:02:11]} 17. Bh2 {[%clk 0:02:02]} Nd7
{[%clk 0:02:08]} 18. Bc4 {[%clk 0:01:21]} Bxc4 {[%clk 0:02:01]} 19. Nxc4
{[%clk 0:01:22]} b5 {[%clk 0:02:02]} 20. Ncd2 {[%clk 0:01:22]} Nb6
{[%clk 0:01:59]} 21. Ne4 {[%clk 0:01:03]} c4 {[%clk 0:02:00]} 22. Nd4
{[%clk 0:01:00]} a6 {[%clk 0:01:59]} 23. h4 {[%clk 0:00:41]} Nd5 {[%clk 0:01:44]}
24. Rd2 {[%clk 0:00:32]} Ne5 {[%clk 0:01:25]} 25. Bxe5 {[%clk 0:00:27]} Bxe5
{[%clk 0:01:26]} 26. Nf3 {[%clk 0:00:28]} Bg7 {[%clk 0:01:27]} 27. Red1
{[%clk 0:00:29]} e6 {[%clk 0:01:27]} 28. Ng3 {[%clk 0:00:27]} Qc7
{[%clk 0:01:24]} 29. Ne2 {[%clk 0:00:26]} Nb6 {[%clk 0:01:14]} 30. Nf4
{[%clk 0:00:19]} Na4 {[%clk 0:01:12]} 31. Rxd8 {[%clk 0:00:10]} Rxd8
{[%clk 0:01:13]} 32. Ne2 {[%clk 0:00:08]} Nc5 {[%clk 0:01:14]} 33. h5
{[%clk 0:00:08]} g5 {[%clk 0:01:13]} 34. Ng3 {[%clk 0:00:08]} Nd3
{[%clk 0:01:09]} 35. Ne1 {[%clk 0:00:07]} Ne5 {[%clk 0:01:03]} 36. Ne2
{[%clk 0:00:05]} Ng4 {[%clk 0:01:02]} 37. Rxd8+ {[%clk 0:00:05]} Qxd8
{[%clk 0:01:03]} 38. Nf3 {[%clk 0:00:07]} Nf6 {[%clk 0:00:59]} 39. Ng3
{[%clk 0:00:07]} Nd5 {[%clk 0:01:01]} 40. Qd2 {[%clk 0:00:07]} Qc7
{[%clk 0:00:59]} 41. e4 {[%clk 0:00:05]} Nf4 {[%clk 0:00:59]} 42. Qd1
{[%clk 0:00:04]} Nd3 {[%clk 0:00:56]} 43. Qd2 {[%clk 0:00:06]} Qf4
{[%clk 0:00:56]} 44. Qe2 {[%clk 0:00:06]} Qc1+ {[%clk 0:00:57]} 45. Nf1
{[%clk 0:00:07]} Qxb2 {[%clk 0:00:57]} 46. Qe3 {[%clk 0:00:05]} Qxa3
{[%clk 0:00:56]} 47. Qa7 {[%clk 0:00:06]} b4 {[%clk 0:00:29]} 48. Qb8+
{[%clk 0:00:06]} Bf8 {[%clk 0:00:29]} 49. Ne3 {[%clk 0:00:07]} Qc1+
{[%clk 0:00:28]} 50. Kh2 {[%clk 0:00:08]} Nxf2 {[%clk 0:00:29]} 51. Ne5
{[%clk 0:00:06]} Qxe3 {[%clk 0:00:28]} 0-1

[Event "Blitz 2018"]
[Site "Saint-Petersburg"]
[Date "2018.12.29"]
[Round "9"]
[Board "11"]
[White "Roiz Michael (ISR)"]
[Black "Giri Anish (NED)"]
[Result "0-1"]
[LiveChessVersion "1.4.8"]
[BlackElo "2751"]
[WhiteElo "2617"]

1. Nf3 {[%clk 0:03:02]} d5 {[%clk 0:03:03]} 2. e3 {[%clk 0:03:03]} Nf6
{[%clk 0:03:03]} 3. c4 {[%clk 0:03:04]} c6 {[%clk 0:02:54]} 4. d4
{[%clk 0:03:05]} Bf5 {[%clk 0:02:55]} 5. Nc3 {[%clk 0:03:06]} e6 {[%clk 0:02:56]}
6. Nh4 {[%clk 0:03:06]} Be4 {[%clk 0:02:58]} 7. f3 {[%clk 0:03:07]} Bg6
{[%clk 0:02:59]} 8. Qb3 Qc7 9. Bd2 {[%clk 0:03:06]} Be7 {[%clk 0:03:02]} 10. Rc1
{[%clk 0:03:06]} Nbd7 {[%clk 0:02:54]} 11. g3 {[%clk 0:02:57]} dxc4
{[%clk 0:02:55]} 12. Bxc4 {[%clk 0:02:55]} O-O {[%clk 0:02:55]} 13. Nxg6
{[%clk 0:02:54]} hxg6 {[%clk 0:02:56]} 14. Be2 {[%clk 0:02:40]} a6
{[%clk 0:02:53]} 15. O-O {[%clk 0:02:37]} b5 {[%clk 0:02:51]} 16. a4
{[%clk 0:02:20]} Qb6 {[%clk 0:02:44]} 17. axb5 {[%clk 0:01:57]} axb5
{[%clk 0:02:43]} 18. Rfd1 {[%clk 0:01:18]} e5 {[%clk 0:02:35]} 19. dxe5
{[%clk 0:01:07]} Nxe5 {[%clk 0:02:36]} 20. f4 {[%clk 0:01:07]} Neg4
{[%clk 0:02:25]} 21. Bxg4 {[%clk 0:00:41]} Nxg4 {[%clk 0:02:26]} 22. Ne4
{[%clk 0:00:42]} c5 {[%clk 0:02:03]} 23. h3 {[%clk 0:00:34]} Nf6 {[%clk 0:02:04]}
24. Qc2 {[%clk 0:00:23]} c4 {[%clk 0:02:01]} 25. Nxf6+ {[%clk 0:00:16]} Bxf6
{[%clk 0:02:02]} 26. Re1 {[%clk 0:00:17]} Rfe8 {[%clk 0:02:01]} 27. b3
{[%clk 0:00:11]} c3 {[%clk 0:01:46]} 28. Bxc3 {[%clk 0:00:12]} Rxe3
{[%clk 0:01:47]} 0-1

[Event "Blitz 2018"]
[Site "Saint-Petersburg"]
[Date "2018.12.29"]
[Round "9"]
[Board "12"]
[White "Mamedov Rauf (AZE)"]
[Black "Matlakov Maxim (RUS)"]
[Result "0-1"]
[LiveChessVersion "1.4.8"]
[BlackElo "2653"]
[WhiteElo "2741"]

1. e4 {[%clk 0:03:03]} e5 2. Nf3 Nc6 {[%clk 0:03:05]} 3. d4 {[%clk 0:03:05]} exd4
4. Bc4 Bb4+ {[%clk 0:03:05]} 5. c3 {[%clk 0:02:58]} dxc3 {[%clk 0:03:05]} 6. O-O
{[%clk 0:02:59]} Nf6 {[%clk 0:03:06]} 7. e5 {[%clk 0:02:57]} d5 {[%clk 0:03:04]}
8. exf6 {[%clk 0:01:46]} dxc4 {[%clk 0:03:05]} 9. fxg7 Rg8 10. Qe2+
{[%clk 0:01:33]} Be6 {[%clk 0:03:03]} 11. bxc3 {[%clk 0:01:11]} Bc5
{[%clk 0:02:53]} 12. Ng5 {[%clk 0:01:08]} Qd3 {[%clk 0:02:47]} 13. Re1
{[%clk 0:00:23]} Qxe2 14. Rxe2 O-O-O {[%clk 0:02:36]} 15. Nd2 {[%clk 0:00:22]}
Bd5 {[%clk 0:02:28]} 16. Nge4 {[%clk 0:00:10]} Be7 {[%clk 0:02:18]} 17. Ng3
{[%clk 0:00:06]} Rxg7 {[%clk 0:02:17]} 18. Ndf1 {[%clk 0:00:04]} Bf6 19. Bd2 Rgg8
{[%clk 0:01:54]} 20. Ne3 {[%clk 0:00:06]} Be6 {[%clk 0:01:48]} 21. Rb1
{[%clk 0:00:06]} Rd3 {[%clk 0:01:44]} 22. Be1 {[%clk 0:00:07]} Bxc3
{[%clk 0:01:42]} 23. Bxc3 Rxc3 24. Ne4 {[%clk 0:00:09]} Ra3 25. Nc5 Nd4 26. Reb2
b5 {[%clk 0:01:28]} 27. Nxe6 {[%clk 0:00:04]} fxe6 {[%clk 0:01:28]} 28. Rc1
{[%clk 0:00:05]} a6 {[%clk 0:01:25]} 29. Kh1 {[%clk 0:00:06]} Rd3
{[%clk 0:01:25]} 30. h3 {[%clk 0:00:06]} c3 {[%clk 0:01:24]} 31. Rb4
{[%clk 0:00:06]} c5 32. Rbb1 b4 33. Nc4 Kc7 {[%clk 0:01:23]} 34. Re1
{[%clk 0:00:06]} a5 {[%clk 0:01:19]} 35. Nxa5 {[%clk 0:00:05]} Ra8 36. Nc4 Rxa2
37. Re5 Kc6 38. Ree1 Kb5 {[%clk 0:01:18]} 39. Nd6+ {[%clk 0:00:10]} Ka4 40. Ne4
Kb5 {[%clk 0:01:16]} 41. Nd6+ {[%clk 0:00:12]} Kc6 42. Nc4 Kb7 {[%clk 0:01:12]}
43. Nd6+ Ka7 44. Ne4 {[%clk 0:00:08]} Kb6 {[%clk 0:01:13]} 45. Nd6
{[%clk 0:00:05]} c2 {[%clk 0:01:12]} 46. Rbc1 b3 47. Nc4+ {[%clk 0:00:07]} Kb5
48. Nd6+ Kc6 49. Nc4 Rc3 {[%clk 0:01:14]} 50. Ne5+ Kb5 0-1